Atlas du phytoplancton marin

Uloženo v:
Podrobná bibliografie
Médium: Kniha
Jazyk:francouzština
Vydáno: París Centre National de la Recherche Scientifique 1987
Témata:
Tagy: Přidat tag
Žádné tagy, Buďte první, kdo vytvoří štítek k tomuto záznamu!

MARC

LEADER 00000nam a2200000 a 4500
001 UCX9648
003 CL-VaPUC
008 940621e19870000FR |||||||||||||||||fre|d
082 0 4 |a 589.4  |b ATL  |2 21 
245 1 0 |a Atlas du phytoplancton marin 
300 |a v 
942 |c BK 
945 |d 19940621 00:00:00  |a mfernand 
260 |a París  |b Centre National de la Recherche Scientifique  |c 1987 
500 |a v.1: Cyanophycees, Dyctiochophycees, Dinophycees, Raphidophycees 
500 |a v.2: Diatomophycees 
600 0 7 |a RICARD, MICHEL  |2 CL-VaPUC  |9 327104 
600 0 7 |a CHRETIENNOT-DINET, M. J  |2 CL-VaPUC  |9 327105 
650 7 |a FITOPLANCTON MARINO  |2 CL-VaPUC  |9 261724 
583 |a last modification  |c 19940621 00:00:00  |k Rodrigo Vera 
999 |c 228827  |d 228825 
952 |0 0  |1 0  |4 0  |6 589_400000000000000_ATL_1987  |7 0  |8 CCM  |9 229275  |a BIBCUR  |b BIBCUR  |d 2019-11-15  |h v.2  |i 298766K  |o 589.4 ATL 1987  |p 298766K  |r 2025-04-22  |w 2019-11-15  |y BK_F  |k CIM